| 000 | 00976nam a22002057a 4500 | ||
|---|---|---|---|
| 999 |
_c16467 _d16467 |
||
| 008 | 170831b xxu||||| |||| 00| 0 eng d | ||
| 020 | _a978998858959X | ||
| 050 |
_aLC67.68 _b.A35C66 |
||
| 245 |
_aContribution of African universities to the attainment of the MDGs _ba synthesis of mobilizing regional capacity initiative project reports _ccompiled and edited by Jonathan C. Mba, Julia Preece, Dixon O. Torimiro |
||
| 246 |
_aContribution des universités africaines à la réalisation des OMD _bsynthèse des rapports du project de l'initiative de mobilisation des capacités régionales |
||
| 260 |
_aAccra _bAssociation of African Universities _cc2015 |
||
| 300 | _axii, 124, 135, xii p. | ||
| 650 |
_aMillennium Development Goals _zAfrica |
||
| 650 |
_aUniversities and colleges _xEconomic aspects _zAfrica |
||
| 700 | _aMba, Jonathan C. | ||
| 700 | _aPreece, Julia | ||
| 700 | _aTorimiro, Dixon O. | ||
| 710 | _aAssociation of African Universities | ||
| 942 |
_2lcc _cBK |
||